Europäische Weihnachtsgerichte - Statistiken

Allgemein
  • Dieses Quiz wurde 40 mal gespielt
  • Das Durchschnittsergebnis liegt bei 17 aus 45
Antworten auf der Karte
Die Antworten werden auf der Karte rot bzw. grün angezeigt, abhängig davon wie oft sie richtig erraten wurden.
 
Antwortstatistiken
Land Gericht % Korrekt
Deutschland Bethmännchen | Brenten | Christstollen | Dominosteine | Dreikönigskuchen | Kartoffelklöße | Kartoffelsalat | Lebkuchen | Mailänderli | Mandarinen | Marzipan | Mohnrolle | Printen | Rosenkohl | Rotkohl | Schäufele | Spekulatius | Springerle | Stutenkerl | Weihnachtsgans | Weihnachtskarpfen | Weihnachtstruthahn | Weißwurst | Wildragout | Zuckerstangen
97%
Frankreich Äpfel | Austern | Birnen | Bûche de Noël | Calisson | Cougnou | Crêpes | Datteln | Dreikönigskuchen | Feigen | Foie gras | Fougasse | Ganzeltopf | Gibassier | Gugelhupf | Hähnchen | Haselnüsse | Kammmuscheln | Mandarinen | Mandeln | Nougat | Orangen | Pain d'épices | Quittenbrot | Pflaumen | Räucherlachs | Rosinen | Spekulatius | Springerle | Treize desserts | Walnüsse | Weihnachtsgans | Weihnachtstruthahn | Wintermelonen
83%
Vereinigtes Königreich Beef Wellington | Brandy Butter | Bratkartoffeln | Bûche de Noël | Christmas Pudding | Corned Beef | Devils on horseback | Fasanenbraten | Karotten | Kastanien | Lebkuchen | Nussbraten | Obstkuchen | Rosenkohl | Trifle | Tuniskuchen | Weihnachtsgans | Weihnachtsschinken | Weihnachtstruthahn | Zuckerstangen
81%
Slowakei Fischsuppe | Kapustnica | Kartoffelsalat | Kuba | Lebkuchen | Mohnrolle | Obstkuchen | Vánočka | Weihnachtskarpfen | Weißwurst
72%
Tschechien Fischsuppe | Kapustnica | Kartoffelsalat | Kuba | Lebkuchen | Mohnrolle | Obstkuchen | Vánočka | Weihnachtskarpfen | Weißwurst
72%
Island Graved Lachs | Hamborgarhryggur | Hangikjöt | Jarðarberjagrautur | Karamellisierte Kartoffeln | Lambalæri | Laufabrauð | Milchreis | Rotkohl | Weihnachtstruthahn
72%
Dänemark Æbleskiver | Entenbraten | Erdnüsse | Flæskesteg | Julesild | Karamellisierte Kartoffeln | Kiviak | Konfekt | Marzipan | Nougat | Pellkartoffeln | Risalamande | Rotkohl | Schokolierte Nüsse | Sylte
69%
Ungarn Bejgli | Entenbraten | Fischsuppe | Knoblauchbrot | Kohlrouladen | Mákos guba | Mohnrolle | Springerle | Szaloncukor | Weihnachtsgans
69%
Spanien Bûche de Noël | Churros | Fisch | Lammbraten | Marzipan | Meeresfrüchte | Polvoróns | Turrón | Trinxat | Weihnachtsschinken | Weihnachtstruthahn | Yemas
67%
Portugal Aletria | Azevias de grão | Bûche de Noël | Carne de vinha d'alhos | Christmas Pudding | Coscorões | Dreikönigskuchen | Fatias douradas | Filhós | Formigos | Kabeljau | Lammbraten | Obstkuchen | Oktopus | Orangen | Polvo à lagareiro | Sonhos | Velhoses | Weihnachtstruthahn | Ziegenbraten
64%
Finnland Aura | Bismarckhering | Dattelkuchen | Erbsen | Graved Lachs | Joululimppu | Joulutorttu | Karelische Pirogge | Karelischer Fleischtopf | Kartoffelauflauf | Kartoffelpüree | Kissel | Konfekt | Lanttulaatikko | Leipäjuusto | Lutefisk | Maksalaatikko | Milchreis | Obstkuchen | Pilzsalat | Piparkakku | Porkkanalaatikko | Roggenbrot | Rosolli | Salzkartoffeln | Weihnachtsschinken | Zander
61%
Schweiz Basler Läckerli | Baumstriezel | Bûche de Noël | Fondue | Lebkuchen | Linzer Augen | Mailänderli | Pain d'épices | Spekulatius | Springerle | Stutenkerl | Tirggel
58%
Malta Bûche de Noël | Mince Pies | Obstkuchen | Panettone | Timpana | Weihnachtstruthahn
56%
Italien Aal | Abbacchio | Agnolini | Agnolotti | Bisciola | Bustrengo | Cappelletti | Cavallucci | Hähnchen | Marzipan | Mustacciuoli | Pandoro | Panettone | Panforte | Pizzelle | Struffoli | Turrón | Veneziana | Zelten
53%
Monaco Äpfel | Birnen | Bûche de Noël | Calisson | Datteln | Feigen | Gibassier | Haselnüsse | Mandarinen | Mandeln | Nougat | Orangen | Pflaumen | Quittenbrot | Rosinen | Walnüsse | Wintermelonen
53%
Griechenland Baklava | Christopsomo | Diples | Kourabiedes | Kürbiskuchen | Melomakarona | Msoura | Pastete | Vasilopita | Weihnachtstruthahn | Yiaprakia
47%
Polen Bigos | Bismarckhering | Borschtsch | Fischsuppe | Gołąbki | Kompot | Kulebjak | Kutja | Łamaniec | Mohnrolle | Oliviersalat | Pilze | Pilzsuppe | Piroggen | Salzkartoffeln | Sauerkraut | Żur
47%
Schweden Bismarckhering | Fläskkorv | Graved Lachs | Grünkohl | Isterband | Janssons frestelse | Käse | Knäck | Knäckebrot | Lebkuchen | Limpa | Lutefisk | Marzipan | Prinskorv | Rote Beete | Rotkohl | Spare Ribs | Weihnachtsschinken
47%
Irland Christmas Pudding | Corned Beef | Pigs in blankets | Weihnachtstruthahn
47%
Norwegen Fleischbällchen | Graved Lachs | Julekake | Julepølse | Lutefisk | Marzipan | Milchreis | Multekrem | Pinnekjøtt | Risalamande | Rotkohl | Rübenpüree | Safranbrötchen | Schweinerippchen | Sosisser
42%
Litauen Auselės | Bismarckhering | Karotten | Kissel | Kompot | Kūčiukai | Kutja | Mohnmilch | Mohnrolle | Oliviersalat | Pilze
33%
Niederlande Banketstaaf | Kruidnoten | Mandarinen | Marzipan | Pepernoots | Schokoladenbuchstaben | Schokoladenmünzen | Spekulatius
33%
Ukraine Borschtsch | Kartoffelpuffer | Kohlrouladen | Kompot | Kutja | Mohnrolle | Oliviersalat | Pampushka | Piroggen
33%
Belgien Bûche de Noël | Cougnou | Marzipan | Spekulatius
33%
Österreich Dominosteine | Linzer Augen | Marzipan | Mohnrolle | Mozartkugeln | Spekulatius | Springerle | Stutenkerl
33%
Kroatien Kompot | Mohnrolle | Spekulatius
28%
Luxemburg Bûche de Noël | Spekulatius
25%
Liechtenstein Spekulatius | Weihnachtsgebäck
25%
Russland Borschtsch | Karelischer Fleischtopf | Kompot | Kulebjak | Kutja | Mohnrolle | Oliviersalat
19%
Belarus Borschtsch | Kompot | Kutja | Mohnrolle | Oliviersalat
19%
Albanien Baklava | Gjel deti me përshesh | Kompot | Oliviersalat
17%
Kosovo Kompot | Korotschun | Mohnrolle | Oliviersalat
17%
Serbien Kompot | Korotschun | Mohnrolle | Oliviersalat
17%
Slowenien Kompot | Mohnrolle
17%
Bosnien und Herzegowina Kompot | Mohnrolle | Oliviersalat
17%
Lettland Kompot | Mohnrolle | Oliviersalat
17%
Rumänien Aspik | Blutwurst | Cozonac | Kompot | Leberwurst | Oliviersalat | Sarmale
14%
Montenegro Kompot
14%
Bulgarien Kompot | Oliviersalat
14%
Estland Kompot | Oliviersalat
14%
Moldawien Kompot | Oliviersalat
14%
Nordmazedonien Kompot | Oliviersalat
14%
Vatikanstadt Abbacchio
3%
San Marino Bustrengo
3%
Andorra Sopa de Galets | Trinxat
3%
Keine übereinstimmenden Quizze gefunden
Verteilung der Resultate
Anzahl Personen mit jedem Resultat
Perzentil nach korrekt beantworteten Fragen
Ihre Resultats-Entwicklung
Sie haben dieses Quiz noch nicht gespielt